ESTABLISHMENT OF DINUGUAN PUTOH KIOSK IN BATASAN HILLS QUEZON CITY (Record no. 77970)

MARC details
000 -LEADER
fixed length control field 01546nam a22002657a 4500
003 - CONTROL NUMBER IDENTIFIER
control field URS
005 - DATE AND TIME OF LATEST TRANSACTION
control field 20240416181810.0
008 - FIXED-LENGTH DATA ELEMENTS--GENERAL INFORMATION
fixed length control field 240311b |||||||| |||| 00| 0 eng d
050 00 - LIBRARY OF CONGRESS CALL NUMBER
Classification number LG 221.R59 Es81
Item number 2015
100 ## - MAIN ENTRY--PERSONAL NAME
Personal name Dacut, Jennylyn G.
Relator term Researcher
245 ## - TITLE STATEMENT
Title ESTABLISHMENT OF DINUGUAN PUTOH KIOSK IN BATASAN HILLS QUEZON CITY
Statement of responsibility, etc. Jolina G. Sarcon; Reziel B. Padua
264 #1 - PRODUCTION, PUBLICATION, DISTRIBUTION, MANUFACTURE, AND COPYRIGHT NOTICE
Date of production, publication, distribution, manufacture, or copyright notice 2015
300 ## - PHYSICAL DESCRIPTION
Extent x, 120 leaves
Other physical details illustrations
Dimensions 28 cm
336 ## - CONTENT TYPE
Source rdacontent
Content type term text
337 ## - MEDIA TYPE
Source rdamedia
Media type term unmediated
338 ## - CARRIER TYPE
Source rdacarrier
Carrier type term volume
502 ## - DISSERTATION NOTE
Dissertation note Undergraduate Feasibility Study
Degree type Bachelor of Science in Business Administration Major in Marketing Management
Name of granting institution University of Rizal System, Rodriguez, Rizal
Year degree granted 2015
520 ## - SUMMARY, ETC.
Summary, etc. The proponents thought of establishing a business to create a unique and desirable kiosk. DINUGUAN PUTOH is obviously a kind of food for every hungry Juan. But it is not just like any food; DINUGUAN PUTOH gives different twist on the food especially to the Dinuguan. The proposed name of the project will be "DINUGUAN PUTOH" that came from the combination of the words "Dinuguan and Puto". Obviously, the proponents decided to add letter H to the establishment name for the customers to notice it in a funny remarkable way.
650 ## - SUBJECT ADDED ENTRY--TOPICAL TERM
Source of heading or term Dinuguan Establishment
700 ## - ADDED ENTRY--PERSONAL NAME
Personal name Jolina G. Sarcon
Relator term Researcher
700 ## - ADDED ENTRY--PERSONAL NAME
Personal name Reziel B. Padua
Relator term Researcher
700 ## - ADDED ENTRY--PERSONAL NAME
Personal name Maricel V. Maniaol
Relator term Adviser
856 ## - ELECTRONIC LOCATION AND ACCESS
Materials specified Online Request for Student Unpublished Works
Uniform Resource Identifier <a href="https://forms.gle/7LqvGGkaDrUQqz429">https://forms.gle/7LqvGGkaDrUQqz429</a>
942 ## - ADDED ENTRY ELEMENTS (KOHA)
Source of classification or shelving scheme Library of Congress Classification
Koha item type Theses and dissertations

No items available.

University of Rizal System
Email us at univlibservices@urs.edu.ph

Visit our Website www.urs.edu.ph/library